Barrios de Madrid en el mapa - Estadísticas

Estadísticas generales
  • Esta prueba ha sido intentada 2.038 veces
  • La puntuación promedio es 46 de 131
Respuestas en el mapa
Las respuestas están codificadas por una escala verde-roja en el mapa de la prueba según el % correcto abajo.
 
Estadísticas de respuestas
Barrio % Correcto
Casco Histórico de Vallecas
78%
Sol
70%
El Pardo
65%
Casco Histórico de Barajas
62%
Aravaca
59%
Atocha
59%
Casa de Campo
56%
Casco Histórico de Vicálvaro
55%
Legazpi
54%
Argüelles
53%
Canillejas
53%
Goya
53%
Orcasitas
53%
Villaverde Alto
53%
Cuatro Caminos
52%
Embajadores
52%
Aluche
51%
Ciudad Universitaria
48%
Ibiza
48%
Delicias
47%
Ventas
47%
Palacio
46%
Aeropuerto
45%
Castellana
45%
El Viso
45%
Entrevías
45%
Justicia
45%
Estrella
44%
Pacífico
44%
Universidad
44%
San Cristóbal
43%
Canillas
42%
Cuatro Vientos
42%
El Pilar
42%
Puerta del Ángel
42%
Campamento
41%
Orcasur
41%
Ríos Rosas
41%
Acacias
40%
Opañel
40%
San Isidro
40%
Alameda de Osuna
39%
Gaztambide
39%
Mirasierra
39%
Prosperidad
39%
Pueblo Nuevo
39%
San Fermín
39%
Hispanoamérica
38%
Lista
38%
Cortes
37%
Ensanche de Vallecas
37%
Palos de la Frontera
37%
Portazgo
37%
Vinateros
37%
Vista Alegre
37%
Recoletos
36%
Valdebernardo
36%
Almagro
35%
Arapiles
35%
Castilla
35%
Imperial
35%
Lucero
35%
Niño Jesús
35%
Quintana
34%
Valdeacederas
34%
Numancia
33%
Santa Eugenia
33%
Trafalgar
33%
Valdezarza
33%
Concepción
32%
Jerónimos
32%
Los Ángeles
32%
Nueva España
32%
Pavones
32%
Almendrales
31%
Chopera
30%
Rosas
30%
San Diego
30%
Abrantes
29%
Ciudad Jardín
29%
Fuente del Berro
29%
Las Águilas
29%
Moscardó
29%
Adelfas
28%
Butarque
28%
La Guindalera
28%
La Paz
28%
Palomeras Bajas
28%
Peñagrande
28%
Vallehermoso
28%
Zofío
28%
Bellas Vistas
27%
Berruguete
27%
Buenavista
27%
Comillas
27%
El Cañaveral
26%
El Plantío
26%
Los Cármenes
26%
Pinar del Rey
26%
Puerta Bonita
26%
Simancas
26%
El Goloso
25%
Palomeras Sureste
25%
Piovera
24%
Pradolongo
24%
Rejas
24%
Timón
24%
Valverde
24%
Castillejos
23%
Costillares
23%
Los Rosales
23%
San Juan Bautista
23%
Valdemarín
23%
Fuentelarreina
22%
Marroquina
22%
Amposta
21%
Valdefuentes
21%
Atalaya
20%
Hellín
20%
Palomas
20%
San Pascual
20%
Valderrivas
20%
Apóstol Santiago
19%
Media Legua
19%
Almenara
18%
Colina
18%
Corralejos
18%
Horcajo
18%
Fontarrón
17%
Arcos
16%
Salvador
16%
No se encontraron pruebas coincidentes
Distribución de puntuación
Porcentaje de gente con cada puntuación
Porcentaje por número respondido
Historial de tus puntuaciones
No has intentado esta prueba.